Language Quiz

Random Language or Letter Quiz

Common Sayings: Missing 'D' Words Quiz Stats

 Plays Quiz Updated Jun 26, 2017

Support Sporcle.
Go Orange.
Score 0/30 Timer 03:00
6 Plays Today
% Correct
dogs
94.9%
deep
94.9%
day's
94%
dig
93.9%
deal
93.4%
double
93.1%
dark
93%
doctor
92.6%
doubt
91.8%
desperate
91.4%
drama
91.2%
duty
91%
dues
91%
draw
90.7%
damned
90.3%
% Correct
dumps
89.7%
ducks
89.7%
drop
89.6%
drown
89.2%
drive
88.3%
dirt
88.2%
devil
87.7%
down
86.9%
dime
85.4%
dollar
83.3%
die
80%
dead
78.9%
drink
77.3%
doughnuts
74.5%
different
74.1%

You're not logged in!

Compare scores with friends on all Sporcle quizzes.
OR
Log In

From the Vault

Find the Missing Vehicles in Songs

by timmylemoine1

The next game is to guess whether these artists own the vehicles or not.
Remove Ads.
Support Sporcle.
Get the best of Sporcle when you Go Orange. This ad-free experience offers more features, more stats, and more fun while also helping to support Sporcle. Thank you for becoming a member.

Show Comments

Extras

Top Quizzes Today


Score Distribution

Your Account Isn't Verified!

In order to create a playlist on Sporcle, you need to verify the email address you used during registration. Go to your Sporcle Settings to finish the process.

Report this User

Report this user for behavior that violates our Community Guidelines.

Details: